| 000 | 01316nac a22002411u 4500 | ||
|---|---|---|---|
| 008 | 080817t xxu||||| |||| 00| 0 eng d | ||
| 020 | _a0194715817 | ||
| 020 | _a9780194715812 | ||
| 082 |
_a428.24 _bSOA _222 |
||
| 100 |
_aSoars, Liz. _913897 |
||
| 245 |
_aNew Headway Plus. Intermediate Class Audio CDs / _cLiz & John Soars |
||
| 260 |
_aOxford : _bOxford University Press,2006. _c2006 |
||
| 300 |
_a2 sound discs(155 min., 26 sec.) : _bdigital, stereo. ; _c4 3/4 in. |
||
| 653 | _bENG | ||
| 650 |
_aEnglish language _vTextbooks for foreign speakers. _913820 |
||
| 650 |
_aEnglish language _vProblems, exercises, etc. _xGrammar _913821 |
||
| 650 |
_aEnglish language _913822 |
||
| 700 |
_aSoars, John. _913823 |
||
| 942 |
_cCDR _k428.24 SOA _2ddc |
||
| 999 |
_c5324 _d5324 |
||